| 000 | 00983nam a22002057a 4500 | ||
|---|---|---|---|
| 008 | 100617t xxu||||| |||| 00| 0 eng d | ||
| 082 |
_222 _a364.131 _bخ ف ا |
||
| 100 |
_914865 _aخفاجى، عمرو |
||
| 245 |
_aملف عبد الحليم موسى : _bمن اغتيال رفعت المحجوب والصراع مع حسن الألفي إلى وساطة الشيخ الشعراوي / _cعمرو خفاجى |
||
| 260 |
_a[القاهرة] : _bدار سفنكس، 1993 _c1993 |
||
| 300 |
_a175 ص ؛ _c19 سم |
||
| 650 |
_914868 _aالجرائم السياسية |
||
| 650 |
_98304 _aالإرهاب. |
||
| 650 |
_914870 _aالاغتيال |
||
| 650 |
_914871 _aالفساد السياسي |
||
| 650 |
_914872 _aالمؤامرات |
||
| 650 |
_914873 _aالتخريب والتدمير |
||
| 942 |
_2ddc _cBB |
||
| 999 |
_c14112 _d14112 |
||